Statistics for UN Secretaries-General's Nationalities (with a map)

Click here to take the quiz!

General Stats

  • This quiz has been taken 89 times
    (58 since last reset)
  • The average score is 5 of 10

Answers on the Map

Answers color-coded by a green-red scale on the quiz's map according to % correct below.
 

Answer Stats

Secretary-GeneralTermCountry of Origin% Correct
Gladwyn Jebb1945-1946United Kingdom
77%
Dag Hammarskjöld1953-1961Sweden
68%
Ban
Ki-moon
2007-2016South Korea
59%
Kofi
Annan
1997-2006Ghana
50%
Kurt Waldheim1972-1981Austria
45%
António Guterres2017-2021Portugal
45%
Trygve Lie1946-1952Norway
43%
U Thant1961-1971Burma
36%
Boutros
Boutros-Ghali
1992-1996Egypt
36%
Javier Pérez de Cuellar1982-1991Peru
34%

Score Distribution

Percentile by Number Answered

Percent of People with Each Score

Your Score History

You have not taken this quiz since the last reset